[Event "14. Obert Int. Sant Marti 2012"]
[Site "Barcelona ESP"]
[Date "2012.07.16"]
[Round "4.10"]
[White "Quesada Perez, Yuniesky"]
[Black "Sanchez Ibern, Marc"]
[Result "1-0"]
[WhiteElo "2626"]
[BlackElo "2364"]
[PlyCount "63"]
[EventDate "2012.07.13"]
[EventType "swiss"]
[EventRounds "9"]
[EventCountry "ESP"]
[SourceTitle "Ajedrez en Madrid"]
[Source "lmi"]
[SourceDate "2012.07.13"]
[SourceVersion "1"]
[SourceVersionDate "2019.06.21"]
[SourceQuality "1"]

1. e4 e6 2. d4 d5 3. Nc3 Nf6 4. e5 Nfd7 5. f4 c5 6. Nf3 Nc6 7. Be3 Qb6 8. Na4
Qa5+ 9. c3 c4 10. b4 Qa6 11. a3 b5 12. Nc5 Nxc5 13. dxc5 Qb7 14. Be2 a5 15. O-O
Be7 16. Nd4 Bd7 17. Qd2 O-O 18. Rac1 axb4 19. axb4 Nxd4 20. Bxd4 f5 21. exf6
Bxf6 22. Rce1 Qc6 23. Bg4 Bxd4+ 24. Qxd4 Rf6 25. Ra1 Rff8 26. Qe5 Ra4 27. Rae1
Raa8 28. f5 exf5 29. Bf3 Kh8 30. Bxd5 Qc8 31. Bxa8 Qxa8 32. Ra1 1-0

[Event "14. Obert Int. Sant Marti 2012"]
[Site "Barcelona ESP"]
[Date "2012.07.16"]
[Round "4.11"]
[White "Larduet Despaigne, Carlos"]
[Black "Cordova, Emilio"]
[Result "1/2-1/2"]
[WhiteElo "2370"]
[BlackElo "2584"]
[PlyCount "82"]
[EventDate "2012.07.13"]
[EventType "swiss"]
[EventRounds "9"]
[EventCountry "ESP"]
[SourceTitle "Ajedrez en Madrid"]
[Source "lmi"]
[SourceDate "2012.07.13"]
[SourceVersion "1"]
[SourceVersionDate "2019.06.21"]
[SourceQuality "1"]

1. e4 c5 2. Nf3 Nc6 3. Nc3 g6 4. d4 cxd4 5. Nxd4 Bg7 6. Be3 Nf6 7. Bc4 O-O 8.
Bb3 Ng4 9. Qxg4 Nxd4 10. Qd1 Nxb3 11. axb3 b6 12. O-O Bb7 13. Bd4 Bh6 14. Qd3
d6 15. Qh3 Bg7 16. Bxg7 Kxg7 17. Qd3 a5 18. Nd5 b5 19. b4 Bxd5 20. exd5 axb4
21. Qd4+ Kg8 22. Qxb4 Rc8 23. c3 Qd7 24. Qe4 Qb7 25. Rfe1 Rfe8 26. Rad1 Qa7 27.
Rd4 Qa2 28. Qb1 Qb3 29. Red1 Rc4 30. Rxc4 bxc4 31. Rd2 Rb8 32. Qe4 Qa2 33. g3
Re8 34. Kg2 e5 35. dxe6 Rxe6 36. Qc6 h5 37. Rxd6 Rxd6 38. Qxd6 Qxb2 39. Qd8+
Kh7 40. Qf6 Qb7+ 41. Qf3 Qd7 1/2-1/2

[Event "14. Obert Int. Sant Marti 2012"]
[Site "Barcelona ESP"]
[Date "2012.07.16"]
[Round "4.12"]
[White "Napoli, Nicolo'"]
[Black "Gonzalez Garcia, Jose"]
[Result "1-0"]
[WhiteElo "2298"]
[BlackElo "2518"]
[PlyCount "79"]
[EventDate "2012.07.13"]
[EventType "swiss"]
[EventRounds "9"]
[EventCountry "ESP"]
[SourceTitle "Ajedrez en Madrid"]
[Source "lmi"]
[SourceDate "2012.07.13"]
[SourceVersion "1"]
[SourceVersionDate "2019.06.21"]
[SourceQuality "1"]

1. d4 d5 2. g3 Nf6 3. Bg2 c6 4. Nc3 Bf5 5. f3 e6 6. e4 Bg6 7. Nge2 Be7 8. Nf4
Qb6 9. e5 Nfd7 10. h4 Na6 11. a3 O-O 12. Nce2 f6 13. Nxe6 Rfe8 14. Bh3 Nf8 15.
f4 Be4 16. O-O c5 17. Nxf8 Bxf8 18. Kh2 cxd4 19. e6 f5 20. Nxd4 Rac8 21. b4 g6
22. Be3 Qd8 23. Qd2 Bg7 24. Rac1 Nc7 25. Rf2 Nxe6 26. Bf1 Bxd4 27. Bxd4 Nxd4
28. Qxd4 Qb6 29. Qd2 Rc3 30. Re2 Rec8 31. Qe1 Rxa3 32. c4 dxc4 33. Bg2 c3 34.
Bxe4 fxe4 35. Rxe4 Ra2+ 36. Kh3 Qf6 37. Qe3 h5 38. Re8+ Rxe8 39. Qxe8+ Kg7 40.
Qc8 1-0

[Event "14. Obert Int. Sant Marti 2012"]
[Site "Barcelona ESP"]
[Date "2012.07.16"]
[Round "4.13"]
[White "Zsinka, Laszlo"]
[Black "Venkatesh, M R.."]
[Result "0-1"]
[WhiteElo "2291"]
[BlackElo "2506"]
[PlyCount "94"]
[EventDate "2012.07.13"]
[EventType "swiss"]
[EventRounds "9"]
[EventCountry "ESP"]
[SourceTitle "Ajedrez en Madrid"]
[Source "lmi"]
[SourceDate "2012.07.13"]
[SourceVersion "1"]
[SourceVersionDate "2019.06.21"]
[SourceQuality "1"]

1. d4 Nf6 2. c4 e6 3. Nc3 Bb4 4. e3 c5 5. Bd3 O-O 6. Nf3 Nc6 7. O-O Bxc3 8.
bxc3 d6 9. e4 e5 10. h3 h6 11. Be3 b6 12. Qe2 Re8 13. d5 Ne7 14. Kh2 g5 15. Ng1
Ng6 16. g3 Bd7 17. Bd2 Qe7 18. Rae1 Kh8 19. f4 exf4 20. gxf4 Nxf4 21. Bxf4 gxf4
22. Qf3 Kg7 23. Qxf4 Nh5 24. Qf3 Qe5+ 25. Kg2 Rg8 26. Ne2 Kh8+ 27. Kf2 Rg6 28.
Ke3 Ng3 29. Rg1 Rag8 30. Kd2 Nxe2 31. Rxg6 Qxc3+ 32. Kxe2 Qb2+ 33. Ke3 Rxg6 34.
Rf1 Qg7 35. Kd2 Rg3 36. Qf6 Bxh3 37. Qd8+ Kh7 38. Rf6 Qg5+ 39. Kc2 Rg2+ 40. Kb3
Qe5 41. Rxf7+ Kg6 42. Qg8+ Kh5 43. Rf5+ Qxf5 44. Be2+ Kh4 45. Qxg2 Bxg2 46.
exf5 Kg5 47. Ka4 a6 0-1

[Event "14. Obert Int. Sant Marti 2012"]
[Site "Barcelona ESP"]
[Date "2012.07.16"]
[Round "4.14"]
[White "Uribe Arteaga, Daniel"]
[Black "Escobar Forero, Alder"]
[Result "1-0"]
[WhiteElo "2272"]
[BlackElo "2487"]
[PlyCount "69"]
[EventDate "2012.07.13"]
[EventType "swiss"]
[EventRounds "9"]
[EventCountry "ESP"]
[SourceTitle "Ajedrez en Madrid"]
[Source "lmi"]
[SourceDate "2012.07.13"]
[SourceVersion "1"]
[SourceVersionDate "2019.06.21"]
[SourceQuality "1"]

1. c4 c6 2. Nc3 d5 3. d4 Nf6 4. e3 g6 5. Nf3 Bg7 6. Bd3 O-O 7. O-O a6 8. a4 c5
9. dxc5 dxc4 10. Bxc4 Qa5 11. e4 Qxc5 12. Qb3 Nc6 13. Be3 Qh5 14. Be2 Ng4 15.
Bf4 Bh6 16. Bg3 Qc5 17. Nd5 Nf6 18. Nxf6+ exf6 19. Rad1 Be6 20. Qxb7 Ne5 21. b4
Qc2 22. Nd4 Qa2 23. Nxe6 fxe6 24. Bxe5 fxe5 25. Bg4 Rae8 26. Rd7 Rf4 27. Rxh7
Rxf2 28. Bf3 Rf8 29. Rxh6 Rxf1+ 30. Kxf1 Qa1+ 31. Kf2 Qd4+ 32. Kg3 Rxf3+ 33.
gxf3 Qg1+ 34. Kh3 Qf1+ 35. Kh4 1-0

[Event "14. Obert Int. Sant Marti 2012"]
[Site "Barcelona ESP"]
[Date "2012.07.16"]
[Round "4.15"]
[White "Asis Gargatagli, Hipolito"]
[Black "Mestre Bellido, Hector"]
[Result "1/2-1/2"]
[WhiteElo "2482"]
[BlackElo "2339"]
[PlyCount "111"]
[EventDate "2012.07.13"]
[EventType "swiss"]
[EventRounds "9"]
[EventCountry "ESP"]
[SourceTitle "Ajedrez en Madrid"]
[Source "lmi"]
[SourceDate "2012.07.13"]
[SourceVersion "1"]
[SourceVersionDate "2019.06.21"]
[SourceQuality "1"]

1. e4 e5 2. Nf3 d6 3. d4 Nf6 4. dxe5 Nxe4 5. Qd5 Nc5 6. Bg5 Be7 7. exd6 Qxd6 8.
Nc3 Qxd5 9. Nxd5 Bd6 10. O-O-O O-O 11. Be7 Bxe7 12. Nxe7+ Kh8 13. Nxc8 Rxc8 14.
Ng5 f6 15. Nf7+ Kg8 16. Bc4 Kf8 17. Nd8 Nc6 18. Nxc6 bxc6 19. b4 Ne4 20. Rd7
Nd6 21. Ba6 Rcb8 22. Rxc7 Rxb4 23. Rd1 Ne8 24. Rxc6 Rb6 25. Rxb6 axb6 26. Bb5
Nc7 27. Bc6 Rc8 28. Rd7 Ne8 29. Be4 Kg8 30. Bd5+ Kh8 31. g4 g6 32. Kb2 Ng7 33.
c4 h5 34. h3 Re8 35. Kb3 Re2 36. f3 Rh2 37. Rd6 Rxh3 38. Rxf6 hxg4 39. Rxg6
gxf3 40. Rf6 f2+ 41. Ka4 Rh2 42. Rf8+ Kh7 43. Be4+ Kh6 44. Bd3 Kg5 45. Kb5 Ne6
46. Rf5+ Kg4 47. Kxb6 Nf4 48. Rxf4+ Kxf4 49. c5 Rh3 50. Bb5 Ra3 51. c6 Rxa2 52.
c7 Rc2 53. Ba6 Ke5 54. Kb7 Rb2+ 55. Kc6 Rc2+ 56. Kb7 1/2-1/2

[Event "14. Obert Int. Sant Marti 2012"]
[Site "Barcelona ESP"]
[Date "2012.07.16"]
[Round "4.16"]
[White "Panelo, Marcelo"]
[Black "Rodriguez, Eric"]
[Result "1-0"]
[WhiteElo "2452"]
[BlackElo "2327"]
[PlyCount "99"]
[EventDate "2012.07.13"]
[EventType "swiss"]
[EventRounds "9"]
[EventCountry "ESP"]
[SourceTitle "Ajedrez en Madrid"]
[Source "lmi"]
[SourceDate "2012.07.13"]
[SourceVersion "1"]
[SourceVersionDate "2019.06.21"]
[SourceQuality "1"]

1. d4 Nf6 2. c4 c5 3. d5 b5 4. cxb5 a6 5. bxa6 g6 6. Nc3 Bxa6 7. e4 Bxf1 8.
Kxf1 d6 9. Nf3 Bg7 10. g3 O-O 11. Kg2 Nbd7 12. a4 Qb6 13. Qe2 Qb4 14. Bd2 Rfb8
15. Rhb1 Qb3 16. Ra3 Qb4 17. h3 Nb6 18. e5 Ne8 19. a5 Rxa5 20. exd6 exd6 21.
Ng5 h6 22. Nxf7 Kh7 23. Ne4 Qb5 24. Qxb5 Rxb5 25. Nfxd6 Rxb2 26. Rxb2 Bxb2 27.
Rb3 Nxd6 28. Nxd6 Be5 29. Bf4 Bxf4 30. gxf4 Kg7 31. Rb5 Nd7 32. Ra5 Rb6 33. Nc4
Rf6 34. Kg3 Kf8 35. Ra8+ Kf7 36. Ra7 Ke8 37. h4 Kd8 38. Kg4 Rf7 39. Ra8+ Ke7
40. Kg3 Rf5 41. Ra7 Kd8 42. d6 Nf6 43. f3 Nh5+ 44. Kf2 Rd5 45. Ra8+ Kd7 46.
Nb6+ Kxd6 47. Rd8+ Kc7 48. Rxd5 Kxb6 49. Rd6+ Kb5 50. Ke3 1-0

[Event "14. Obert Int. Sant Marti 2012"]
[Site "Barcelona ESP"]
[Date "2012.07.16"]
[Round "4.17"]
[White "Alarcon Casellas, Rolando"]
[Black "Konguvel, Ponnuswamy"]
[Result "0-1"]
[WhiteElo "2436"]
[BlackElo "2319"]
[PlyCount "66"]
[EventDate "2012.07.13"]
[EventType "swiss"]
[EventRounds "9"]
[EventCountry "ESP"]
[SourceTitle "Ajedrez en Madrid"]
[Source "lmi"]
[SourceDate "2012.07.13"]
[SourceVersion "1"]
[SourceVersionDate "2019.06.21"]
[SourceQuality "1"]

1. d4 Nf6 2. Bg5 d5 3. Bxf6 gxf6 4. e3 c5 5. c4 cxd4 6. exd4 dxc4 7. Bxc4 Bg7
8. Ne2 O-O 9. Nbc3 Nc6 10. O-O f5 11. d5 Ne5 12. Bb3 Qd6 13. Nd4 Ng4 14. Nf3
Bd7 15. h3 Ne5 16. Re1 Rac8 17. Nxe5 Bxe5 18. Qh5 Kh8 19. Bc2 Qf6 20. Re3 Bxc3
21. bxc3 Rxc3 22. Rxc3 Qxc3 23. Qd1 Rg8 24. Kh1 f4 25. Kh2 Rxg2+ 26. Kxg2 Qxh3+
27. Kg1 f3 28. Qf1 Qg4+ 29. Kh2 Qh4+ 30. Kg1 Bh3 31. Bd3 Bxf1 32. Bxf1 Qg5+ 33.
Kh1 Qh6+ 0-1

[Event "14. Obert Int. Sant Marti 2012"]
[Site "Barcelona ESP"]
[Date "2012.07.16"]
[Round "4.18"]
[White "Ramirez Garcia, Jorge Alberto"]
[Black "Cruz, Jonathan"]
[Result "0-1"]
[WhiteElo "2241"]
[BlackElo "2418"]
[PlyCount "58"]
[EventDate "2012.07.13"]
[EventType "swiss"]
[EventRounds "9"]
[EventCountry "ESP"]
[SourceTitle "Ajedrez en Madrid"]
[Source "lmi"]
[SourceDate "2012.07.13"]
[SourceVersion "1"]
[SourceVersionDate "2019.06.21"]
[SourceQuality "1"]

1. e4 c6 2. d4 d5 3. Nc3 dxe4 4. Nxe4 g6 5. Bc4 Bg7 6. Ng5 Nh6 7. c3 O-O 8.
N1f3 c5 9. dxc5 Qc7 10. O-O Qxc5 11. Qb3 Nc6 12. Be3 Qf5 13. Nd4 Bxd4 14. cxd4
Na5 15. Qc3 Nxc4 16. Qxc4 Ng4 17. Qc5 b6 18. Qxe7 Ba6 19. Rfe1 Rfe8 20. Qa3 Bb7
21. Nh3 Nxe3 22. Rxe3 Qg4 23. d5 Bxd5 24. Rxe8+ Rxe8 25. f3 Qd4+ 26. Kh1 Re3
27. Qxa7 Rxf3 28. Qb8+ Kg7 29. Ng1 Rf2 0-1

[Event "14. Obert Int. Sant Marti 2012"]
[Site "Barcelona ESP"]
[Date "2012.07.16"]
[Round "4.20"]
[White "Ramesa, Marin"]
[Black "Turov, Maxim"]
[Result "0-1"]
[WhiteElo "2214"]
[BlackElo "2642"]
[PlyCount "70"]
[EventDate "2012.07.13"]
[EventType "swiss"]
[EventRounds "9"]
[EventCountry "ESP"]
[SourceTitle "Ajedrez en Madrid"]
[Source "lmi"]
[SourceDate "2012.07.13"]
[SourceVersion "1"]
[SourceVersionDate "2019.06.21"]
[SourceQuality "1"]

1. d4 Nf6 2. Nf3 g6 3. c4 Bg7 4. Nc3 d5 5. Qa4+ Bd7 6. Qb3 dxc4 7. Qxc4 Bc6 8.
Bf4 Nbd7 9. Ne5 Nxe5 10. Bxe5 O-O 11. Rd1 Nd5 12. Bxg7 Kxg7 13. e4 Nxc3 14.
bxc3 Bxe4 15. d5 Bf5 16. Qd4+ e5 17. Qe3 Qd6 18. Be2 Rae8 19. h4 Qb6 20. Qc1 h6
21. O-O Qc5 22. c4 Re7 23. Kh1 Rd8 24. Qb2 c6 25. g4 Bc8 26. f4 Qe3 27. Kg2
cxd5 28. cxd5 Qe4+ 29. Bf3 Qxf4 30. Qa3 Rc7 31. Qd3 Rc4 32. Be2 Qe4+ 33. Qxe4
Rxe4 34. Bf3 Ra4 35. d6 Bxg4 0-1

[Event "14. Obert Int. Sant Marti 2012"]
[Site "Barcelona ESP"]
[Date "2012.07.16"]
[Round "4.21"]
[White "Lopez Martinez, Josep Manuel"]
[Black "Montalban Galvez, Antoni"]
[Result "1-0"]
[WhiteElo "2509"]
[BlackElo "2204"]
[PlyCount "91"]
[EventDate "2012.07.13"]
[EventType "swiss"]
[EventRounds "9"]
[EventCountry "ESP"]
[SourceTitle "Ajedrez en Madrid"]
[Source "lmi"]
[SourceDate "2012.07.13"]
[SourceVersion "1"]
[SourceVersionDate "2019.06.21"]
[SourceQuality "1"]

1. d4 Nf6 2. c4 g6 3. Nc3 Bg7 4. e4 d6 5. f3 c6 6. Be3 a6 7. a4 a5 8. Bd3 Na6
9. Rc1 Nb4 10. Bb1 O-O 11. Nge2 e5 12. O-O Re8 13. Qd2 Qe7 14. Kh1 Nd7 15. f4
exd4 16. Nxd4 Nc5 17. Rce1 Be6 18. Nxe6 Qxe6 19. f5 Qxc4 20. f6 Nb3 21. Qxd6
Bf8 22. Qc7 Nd5 23. exd5 Rxe3 24. Rd1 cxd5 25. Qxb7 Rd8 26. Ba2 Bb4 27. Bxb3
Qxb3 28. Nxd5 Rd3 29. Ne7+ Kf8 30. Rc1 Qxb2 31. h3 Ba3 32. Qe4 Qxc1 33. Rxc1
Bxc1 34. Nc6 Rd1+ 35. Kh2 Re8 36. Qf3 Rde1 37. Nxa5 g5 38. h4 Bf4+ 39. g3 Bxg3+
40. Kh3 R1e3 41. Qh5 Bf4+ 42. Kg2 gxh4 43. Qxh4 R8e4 44. Qxh7 Rg3+ 45. Kf2 Rxa4
46. Qc2 1-0

[Event "14. Obert Int. Sant Marti 2012"]
[Site "Barcelona ESP"]
[Date "2012.07.16"]
[Round "4.22"]
[White "Rojas Keim, Luis"]
[Black "Aranda Gonzalez, Jose"]
[Result "1-0"]
[WhiteElo "2426"]
[BlackElo "2245"]
[PlyCount "39"]
[EventDate "2012.07.13"]
[EventType "swiss"]
[EventRounds "9"]
[EventCountry "ESP"]
[SourceTitle "Ajedrez en Madrid"]
[Source "lmi"]
[SourceDate "2012.07.13"]
[SourceVersion "1"]
[SourceVersionDate "2019.06.21"]
[SourceQuality "1"]

1. e4 e6 2. d4 d5 3. exd5 exd5 4. c4 Nf6 5. Nc3 c6 6. Nf3 Bg4 7. cxd5 Nxd5 8.
Bd3 Qe7+ 9. Kf1 Nxc3 10. bxc3 Qf6 11. Qb3 Bxf3 12. Qxb7 Bd5 13. Qxa8 Bd6 14.
Qxa7 O-O 15. c4 Be6 16. Rb1 Bh3 17. Rb3 Qh4 18. Be2 Qe4 19. Rxh3 Qc2 20. Qa5
1-0

[Event "14. Obert Int. Sant Marti 2012"]
[Site "Barcelona ESP"]
[Date "2012.07.16"]
[Round "4.23"]
[White "Mamedjarova, Turkan"]
[Black "Perpinya Rofes, Lluis Maria"]
[Result "1-0"]
[WhiteElo "2259"]
[BlackElo "2401"]
[PlyCount "49"]
[EventDate "2012.07.13"]
[EventType "swiss"]
[EventRounds "9"]
[EventCountry "ESP"]
[SourceTitle "Ajedrez en Madrid"]
[Source "lmi"]
[SourceDate "2012.07.13"]
[SourceVersion "1"]
[SourceVersionDate "2019.06.21"]
[SourceQuality "1"]

1. e4 c5 2. Nf3 Nc6 3. Bb5 e6 4. O-O Nge7 5. c3 a6 6. Ba4 b5 7. Bc2 Bb7 8. d4
cxd4 9. Nxd4 Qc7 10. Be3 Rc8 11. Nb3 Nb4 12. cxb4 Qxc2 13. Nc5 Rxc5 14. Bxc5
Qxe4 15. f3 Qc6 16. Nc3 Nd5 17. Qd4 d6 18. Ba7 Nf6 19. Rac1 Qd7 20. Rfd1 Be7
21. Bb8 d5 22. Ne2 Bc8 23. Qb6 O-O 24. Be5 Ne8 25. Qb8 1-0

[Event "14. Obert Int. Sant Marti 2012"]
[Site "Barcelona ESP"]
[Date "2012.07.16"]
[Round "4.24"]
[White "Mosquera, Miguel"]
[Black "Umudova, Nargiz"]
[Result "1/2-1/2"]
[WhiteElo "2395"]
[BlackElo "2210"]
[PlyCount "95"]
[EventDate "2012.07.13"]
[EventType "swiss"]
[EventRounds "9"]
[EventCountry "ESP"]
[SourceTitle "Ajedrez en Madrid"]
[Source "lmi"]
[SourceDate "2012.07.13"]
[SourceVersion "1"]
[SourceVersionDate "2019.06.21"]
[SourceQuality "1"]

1. d4 Nf6 2. Bg5 g6 3. Nc3 d5 4. f3 Bg7 5. e4 O-O 6. e5 Ne8 7. Qd2 f6 8. Bh6
fxe5 9. dxe5 c6 10. O-O-O Nd7 11. Bxg7 Nxg7 12. f4 Nc5 13. Nf3 b5 14. Bd3 Nxd3+
15. cxd3 b4 16. Ne2 c5 17. Kb1 a5 18. h3 Bb7 19. d4 c4 20. g4 Qb6 21. Ka1 Ba6
22. Ng3 c3 23. Qe3 Rac8 24. f5 cxb2+ 25. Kxb2 Rc3 26. Qf2 a4 27. e6 a3+ 28. Ka1
b3 29. axb3 Qxb3 30. Rb1 Qc4 31. Ne5 Qc7 32. Rhd1 a2 33. Qxa2 Bb7 34. Nd7 Ra8
35. Qxa8+ Bxa8 36. Rb8+ Qxb8 37. Nxb8 Rxg3 38. Rc1 h5 39. Rc8+ Kh7 40. Nd7 Bb7
41. Rc7 gxf5 42. gxf5 Nxf5 43. Rxb7 Rxh3 44. Nf6+ Kg6 45. Nxd5 Rh1+ 46. Kb2
Nxd4 47. Rxe7 Re1 48. Kc3 1/2-1/2

[Event "14. Obert Int. Sant Marti 2012"]
[Site "Barcelona ESP"]
[Date "2012.07.16"]
[Round "4.25"]
[White "Shatko, Danil"]
[Black "Grafl, Florian"]
[Result "1/2-1/2"]
[WhiteElo "2143"]
[BlackElo "2387"]
[PlyCount "153"]
[EventDate "2012.07.13"]
[EventType "swiss"]
[EventRounds "9"]
[EventCountry "ESP"]
[SourceTitle "Ajedrez en Madrid"]
[Source "lmi"]
[SourceDate "2012.07.13"]
[SourceVersion "1"]
[SourceVersionDate "2019.06.21"]
[SourceQuality "1"]

1. Nf3 f5 2. g3 Nf6 3. Bg2 e6 4. O-O Be7 5. d3 O-O 6. Nbd2 d6 7. e4 fxe4 8.
dxe4 e5 9. c3 Qe8 10. Qe2 Nc6 11. Nh4 Bd8 12. h3 Kh8 13. Kh2 Be6 14. Qd3 Qf7
15. b3 Nd7 16. Ndf3 a5 17. Bg5 h6 18. Bxd8 Raxd8 19. Nd2 a4 20. b4 Bxa2 21. f4
Be6 22. f5 Bb3 23. g4 Ne7 24. Qe3 Nf6 25. Bf3 Nh7 26. Be2 Qf6 27. Nhf3 Bg8 28.
h4 g5 29. hxg5 hxg5 30. Kg3 Kg7 31. Rh1 d5 32. Rh5 d4 33. cxd4 exd4 34. Qa3 Nc6
35. b5 Ne5 36. Qc5 Rc8 37. Nxd4 Nd7 38. Qb4 Qe5+ 39. Kg2 Ndf6 40. Rhh1 Rfe8 41.
N4f3 Qf4 42. Qc3 Kf8 43. Rxa4 Qxg4+ 44. Kf2 Qf4 45. Qa3+ Qd6 46. Qxd6+ cxd6 47.
Rg1 g4 48. Nh4 Ng5 49. Ng6+ Kf7 50. Bxg4 Ngxe4+ 51. Nxe4 Nxe4+ 52. Kg2 Kf6 53.
Re1 Nc3 54. Rxe8 Rxe8 55. Rb4 Bd5+ 56. Kg3 Re3+ 57. Kf2 Re4 58. Rxe4 Bxe4 59.
Nh4 Nxb5 60. Ke3 Bc6 61. Bh3 Nc3 62. Kd4 Ne2+ 63. Ke3 Ng3 64. Kf4 Nh5+ 65. Kg4
Ng7 66. Kf4 b5 67. Bf1 b4 68. Bc4 Ba4 69. Ke4 Bc2+ 70. Kd5 Ne8 71. Kd4 Nc7 72.
Ng2 d5 73. Ne3 b3 74. Kc3 dxc4 75. Nxc4 Nb5+ 76. Kb2 Kxf5 77. Ne3+ 1/2-1/2

[Event "14. Obert Int. Sant Marti 2012"]
[Site "Barcelona ESP"]
[Date "2012.07.16"]
[Round "4.26"]
[White "Mammadova, Gulnar"]
[Black "Dave, Dhyani"]
[Result "1/2-1/2"]
[WhiteElo "2341"]
[BlackElo "2170"]
[PlyCount "98"]
[EventDate "2012.07.13"]
[EventType "swiss"]
[EventRounds "9"]
[EventCountry "ESP"]
[SourceTitle "Ajedrez en Madrid"]
[Source "lmi"]
[SourceDate "2012.07.13"]
[SourceVersion "1"]
[SourceVersionDate "2019.06.21"]
[SourceQuality "1"]

1. e4 e6 2. d4 d5 3. Nc3 Nf6 4. Bg5 dxe4 5. Nxe4 Nbd7 6. Nxf6+ Nxf6 7. Nf3 h6
8. Bh4 c5 9. Bd3 cxd4 10. Nxd4 Be7 11. O-O O-O 12. c3 a6 13. Bg3 Nd5 14. Qe2
Bf6 15. Nf3 Qe7 16. h4 h5 17. c4 Nb4 18. Be4 e5 19. Bxe5 Bxe5 20. Nxe5 Qxh4 21.
a3 Nc6 22. Nxc6 bxc6 23. Bxc6 Rb8 24. Bd5 Bg4 25. f3 Bf5 26. b4 Rfe8 27. Qf2
Qf6 28. Rad1 Be6 29. c5 Qc3 30. Qa2 a5 31. Bxe6 Rxe6 32. Rc1 Qe3+ 33. Qf2 axb4
34. Qxe3 Rxe3 35. axb4 Rxb4 36. c6 Rb8 37. Rfd1 Kf8 38. Rd5 g6 39. Kf2 Re7 40.
c7 Rc8 41. Rdc5 f6 42. Kg3 Rg7 43. f4 Rd7 44. R1c3 Kg7 45. Kf3 Kf7 46. Rc6 Re7
47. R3c4 Rd7 48. Ke3 Kg7 49. f5 g5 1/2-1/2

[Event "14. Obert Int. Sant Marti 2012"]
[Site "Barcelona ESP"]
[Date "2012.07.16"]
[Round "4.27"]
[White "Paljusaj, Edmond"]
[Black "Lacasta Palacio, Joaquim"]
[Result "1-0"]
[WhiteElo "2334"]
[BlackElo "2195"]
[PlyCount "88"]
[EventDate "2012.07.13"]
[EventType "swiss"]
[EventRounds "9"]
[EventCountry "ESP"]
[SourceTitle "Ajedrez en Madrid"]
[Source "lmi"]
[SourceDate "2012.07.13"]
[SourceVersion "1"]
[SourceVersionDate "2019.06.21"]
[SourceQuality "1"]

1. e4 c5 2. Nf3 Nc6 3. d4 cxd4 4. Nxd4 e6 5. Nb5 d6 6. c4 Nf6 7. N5c3 Be7 8.
Be2 O-O 9. O-O b6 10. Bf4 Bb7 11. Nd2 Nd4 12. Bd3 e5 13. Be3 Ne6 14. Rc1 Ne8
15. Re1 Bg5 16. Nf1 g6 17. Qg4 N8g7 18. Bxg5 Nxg5 19. Ne3 Bc8 20. Qd1 N5e6 21.
Bf1 Nd4 22. Nc2 Nge6 23. Nxd4 Nxd4 24. Ne2 Nxe2+ 25. Rxe2 Bb7 26. Qd3 Qe7 27.
Rd1 Rad8 28. Red2 Ba8 29. f3 f5 30. exf5 gxf5 31. Qe3 f4 32. Qb3 Kg7 33. Qc2
Qc7 34. Bd3 Qc5+ 35. Kf1 Rf6 36. Be4 Bxe4 37. Qxe4 Rc8 38. b3 Rc7 39. Rd5 Qa3
40. Rxd6 Rxd6 41. Qxe5+ Rf6 42. Qxc7+ Kg6 43. Qe5 Qxa2 44. h4 h5 1-0

[Event "14. Obert Int. Sant Marti 2012"]
[Site "Barcelona ESP"]
[Date "2012.07.16"]
[Round "4.28"]
[White "Dominguez Pons, Eric"]
[Black "Ginesta Caballero, Olga Lucia"]
[Result "1-0"]
[WhiteElo "2325"]
[BlackElo "2093"]
[PlyCount "177"]
[EventDate "2012.07.13"]
[EventType "swiss"]
[EventRounds "9"]
[EventCountry "ESP"]
[SourceTitle "Ajedrez en Madrid"]
[Source "lmi"]
[SourceDate "2012.07.13"]
[SourceVersion "1"]
[SourceVersionDate "2019.06.21"]
[SourceQuality "1"]

1. e4 d5 2. Nc3 dxe4 3. Nxe4 Nf6 4. Nxf6+ exf6 5. g3 Qd5 6. Qf3 Qe5+ 7. Qe2 Bc5
8. Nf3 Qxe2+ 9. Bxe2 Nc6 10. c3 O-O 11. d4 Bd6 12. O-O Re8 13. Re1 Bg4 14. Kg2
Re7 15. h3 Rae8 16. Be3 Bd7 17. Nd2 f5 18. Nc4 Bxg3 19. Kxg3 g5 20. Bxg5 Rxe2
21. Rxe2 Rxe2 22. Kf3 Re6 23. Rd1 f6 24. Bf4 Ne7 25. Ne3 c6 26. Rg1+ Kf7 27.
Bh6 Ng6 28. Nxf5 c5 29. Be3 Bc6+ 30. Ke2 c4 31. Nh6+ Ke7 32. h4 Bd5 33. Kd2
Nxh4 34. Rg7+ Kf8 35. Rf7+ Ke8 36. Rxh7 Nf3+ 37. Kd1 Re7 38. Rh8+ Kd7 39. Nf5
Rf7 40. Bf4 Be4 41. Nd6 Re7 42. Nxe4 Rxe4 43. Rh7+ Kc6 44. Be3 f5 45. Rf7 Nh4
46. b3 b5 47. Rf6+ Kd7 48. Rh6 Ng2 49. Bd2 f4 50. Rh2 f3 51. Rh3 Nh4 52. bxc4
bxc4 53. a4 Ke6 54. Bg5 Ng2 55. Rxf3 Re1+ 56. Kc2 Ra1 57. Kb2 Rxa4 58. Bd2 Nh4
59. Re3+ Kd7 60. f4 Ra6 61. Rh3 Nf5 62. Rh5 Ke6 63. Rh8 Rb6+ 64. Kc2 a5 65.
Re8+ Kf6 66. Ra8 Rb5 67. Ra6+ Ke7 68. Bc1 Kd7 69. Rg6 Ke7 70. Rg1 Kf6 71. Re1
Rb8 72. Re5 Ra8 73. Rc5 Rg8 74. Rc6+ Kf7 75. Rxc4 Rg2+ 76. Kb3 Rg1 77. Ba3 Ne3
78. Rc5 Rb1+ 79. Ka2 Rf1 80. Rxa5 Rxf4 81. Re5 Nc2 82. Bc5 Rf3 83. Kb3 Ne3 84.
Bb4 Kf6 85. Re8 Rh3 86. Ka4 Nd5 87. c4 Nc7 88. Re7 Ne6 89. d5 1-0

[Event "14. Obert Int. Sant Marti 2012"]
[Site "Barcelona ESP"]
[Date "2012.07.16"]
[Round "4.29"]
[White "Chakravarthi, Y V K.."]
[Black "Mamedjarova, Zeinab"]
[Result "0-1"]
[WhiteElo "2053"]
[BlackElo "2307"]
[PlyCount "64"]
[EventDate "2012.07.13"]
[EventType "swiss"]
[EventRounds "9"]
[EventCountry "ESP"]
[SourceTitle "Ajedrez en Madrid"]
[Source "lmi"]
[SourceDate "2012.07.13"]
[SourceVersion "1"]
[SourceVersionDate "2019.06.21"]
[SourceQuality "1"]

1. d4 Nf6 2. c4 e6 3. Nc3 b6 4. Bg5 Be7 5. e3 Bb7 6. Nf3 Ne4 7. Nxe4 Bxe4 8.
Bxe7 Qxe7 9. a3 c5 10. Bd3 Bb7 11. O-O O-O 12. dxc5 bxc5 13. b4 cxb4 14. axb4
Na6 15. b5 Nc5 16. Be2 f5 17. Ra3 a5 18. bxa6 Bxa6 19. Qa1 f4 20. exf4 Rxf4 21.
Rb1 Rff8 22. h3 d6 23. Qd4 Bb7 24. Rxa8 Bxa8 25. Rb6 Ne4 26. Qb2 Qc7 27. Nd4
Nc5 28. Bf3 Na4 29. Nxe6 Qe7 30. Qb4 Qxe6 31. Qxa4 Qe1+ 32. Kh2 Bxf3 0-1